| 000 | 00520nam a2200193Ia 4500 | ||
|---|---|---|---|
| 008 | 131103s9999 xx 000 0 und d | ||
| 020 | _a0340 I55396 | ||
| 040 | _aLoreto College | ||
| 041 | _aEnglish | ||
| 082 |
_a170/AND _bLCBED/6210 |
||
| 100 | _aAndrew, Brother | ||
| 245 |
_aGod's smuggler _cBrother Andrew with John and Elizabeth Sherrill |
||
| 260 |
_aLondon _bHodder and stoughton _c1970 |
||
| 300 |
_a254p _c 17cm. |
||
| 650 | _aMoral Science | ||
| 700 | _aJohn | ||
| 850 | _aLCBED/170/AND | ||
| 942 | _cBK | ||
| 999 |
_c31872 _d82351 |
||